NBA 2K26 Badges - Statistics

General Stats
  • This quiz has been taken 46 times
  • The average score is 19 of 40
Answer Stats
Category Badge % Correct
Shooting Limitless Range
84%
Shooting Deadeye
75%
Playmaking Dimer
75%
Finishing Posterizer
72%
Rebounding Boxout Beast
63%
Shooting Set Shot Specialist
63%
Defense Off-Ball Pest
59%
Rebounding Rebound Chaser
59%
Shooting Shifty Shooter
59%
Playmaking Ankle Assassin
56%
Defense Interceptor
56%
Playmaking Handles For Days
53%
Defense Glove
50%
Finishing Layup Mixmaster
50%
Defense On-Ball Menace
50%
Finishing Aerial Wizard
47%
Physicals Brick Wall
47%
Finishing Float Game
47%
Finishing Post Fade Phenom
47%
Physicals Pogo Stick
44%
Finishing Post-up Poet
44%
Finishing Rise Up
44%
Playmaking Bail Out
41%
Defense Challenger
41%
Defense High-Flying Denier
41%
Playmaking Strong Handle
41%
Playmaking Break Starter
38%
Shooting Mini Marksman
38%
Physicals Slippery Off-Ball
38%
Playmaking Lightning Launch
34%
Finishing Physical Finisher
34%
Defense Post Lockdown
34%
Defense Immovable Enforcer
31%
Defense Pick Dodger
31%
Finishing Post Powerhouse
31%
Playmaking Unpluckable
31%
Finishing Hook Specialist
28%
Defense Paint Patroller
28%
Playmaking Versatile Visionary
28%
Finishing Paint Prodigy
25%
No matching quizzes found
Score Distribution
Percent of People with Each Score
Percentile by Number Answered
Your Score History
You have not taken this quiz